Introducción al uso de modelos macroeconométricos
Salvato in:
| Autore principale: | |
|---|---|
| Ente Autore: | |
| Natura: | Libro |
| Lingua: | spagnolo |
| Pubblicazione: |
Santiago
Universidad de Chile
1985
|
| Serie: | Docencia, 50
|
| Soggetti: | |
| Tags: |
Aggiungi Tag
Nessun Tag, puoi essere il primo ad aggiungerne!!
|
MARC
| LEADER | 00000nam a2200000 a 4500 | ||
|---|---|---|---|
| 001 | UCR7630 | ||
| 003 | CL-VaPUC | ||
| 008 | 980519e19850100CL |||||||||||||||||spa|d | ||
| 082 | 0 | 4 | |a 330.0151 |b VIA |2 21 |
| 100 | 0 | |a Vial, Joaquín |e author |9 408958 | |
| 110 | 2 | |a Departamento de Economía, Universidad de Chile |e author |9 408959 | |
| 245 | 1 | 0 | |a Introducción al uso de modelos macroeconométricos |
| 300 | |a 40 p | ||
| 942 | |c BK | ||
| 945 | |d 19980519 00:00:00 |a crobeson | ||
| 260 | |a Santiago |b Universidad de Chile |c 1985 | ||
| 650 | 0 | |a Economía |9 255568 | |
| 650 | 0 | |a Teoría económica |9 315055 | |
| 650 | 0 | |a Econometría |9 261029 | |
| 650 | 0 | |a Economía matemática |9 270388 | |
| 583 | |a last modification |c 19980519 00:00:00 |k Rodrigo Vera | ||
| 490 | 0 | |a Docencia, 50 | |
| 999 | |c 269221 |d 269219 | ||